[Event "IECC Swiss email"]
[Site "IECC email"]
[Date "2002.07.04"]
[Round "?"]
[White "Conley, Sam"]
[Black "Peters, Charles William"]
[Result "1/2-1/2"]
[WhiteElo "1191"]
[BlackElo "895"]
[PlyCount "43"]
[EventDate "2002.??.??"]
[EventType "tourn (corr)"]
[EventRounds "6"]
[SourceTitle "Corr 2008"]
[Source "ChessBase"]
[SourceDate "2008.06.24"]
[SourceVersion "1"]
[SourceVersionDate "2008.06.24"]
[SourceQuality "1"]

1. d4 d5 2. Bf4 e6 3. e3 Nc6 4. Nf3 Nf6 5. Bb5 Bd7 6. Nbd2 a6 7. Ba4 b5 8. Bb3 a5 9. c3 Nh5 10. Be5 f6 11. Bg3 a4 12. Bc2 e5 13. dxe5 fxe5 14. Nxe5 Nxe5 15. Bxe5 Qg5 16. Bg3 Nxg3 17. hxg3 c5 18. Nf3 Qf6 19. Qxd5 Bc6 20. Qe5+ Qxe5 21. Nxe5 Bxg2 22. Rh4 1/2-1/2

[Event "IECC Swiss email"]
[Site "IECC email"]
[Date "2002.03.14"]
[Round "?"]
[White "Berkley, Stephen W"]
[Black "Peters, Charles William"]
[Result "1-0"]
[WhiteElo "1627"]
[BlackElo "895"]
[PlyCount "67"]
[EventDate "2002.??.??"]
[EventType "tourn (corr)"]
[EventRounds "6"]
[SourceTitle "Corr 2008"]
[Source "ChessBase"]
[SourceDate "2008.06.24"]
[SourceVersion "1"]
[SourceVersionDate "2008.06.24"]
[SourceQuality "1"]

1. e4 e6 2. d4 d5 3. Nc3 Bb4 4. e5 c5 5. a3 Bxc3+ 6. bxc3 Ne7 7. Nf3 Nbc6 8. a4 Qa5 9. Bd2 c4 10. g3 0-0 11. Bg2 Bd7 12. 0-0 Rae8 13. Qc1 Qc7 14. Qb2 b6 15. Rfb1 Ng6 16. Bc1 a6 17. Qa2 f6 18. Ba3 Rf7 19. Bd6 Qb7 20. exf6 Rxf6 21. Bc5 b5 22. axb5 axb5 23. Qa6 Qxa6 24. Rxa6 e5 25. dxe5 Ngxe5 26. Nxe5 Nxe5 27. Bxd5+ Nf7 28. Ra7 Be6 29. Bxe6 Rfxe6 30. Rxb5 Ng5 31. Rbb7 Ne4 32. Rxg7+ Kh8 33. Rxh7+ Kg8 34. Rag7# 1-0

[Event "IECC KO email"]
[Site "IECC email"]
[Date "2001.07.29"]
[Round "?"]
[White "Werhan, Matthew"]
[Black "Peters, Charles William"]
[Result "1-0"]
[WhiteElo "1034"]
[BlackElo "831"]
[PlyCount "79"]
[EventDate "2001.??.??"]
[EventType "tourn (corr)"]
[EventRounds "6"]
[SourceTitle "Corr 2008"]
[Source "ChessBase"]
[SourceDate "2008.06.24"]
[SourceVersion "1"]
[SourceVersionDate "2008.06.24"]
[SourceQuality "1"]

1. d4 Nf6 2. e3 g5 3. Nc3 Nc6 4. e4 d6 5. Bc4 Bg4 6. f3 Bh5 7. Bxg5 h6 8. Bxf6 exf6 9. Qd2 Qe7 10. Nd5 Qd7 11. Nxf6+ Kd8 12. Nxd7 Kxd7 13. 0-0-0 Bg6 14. Ne2 Bg7 15. c3 h5 16. Nf4 Bh6 17. h4 Rad8 18. g3 Kc8 19. Qh2 a6 20. Kb1 Kb8 21. Nxg6 fxg6 22. Rhf1 Na5 23. Bf7 Rdf8 24. Bxg6 Nc4 25. Rh1 Rxf3 26. Bxh5 Rf6 27. g4 Bf4 28. Qe2 b5 29. g5 Rff8 30. Rhf1 Ne3 31. Rxf4 Rxf4 32. Qxe3 Rxh4 33. Bf3 Re8 34. g6 Rg8 35. Rh1 Rxh1+ 36. Bxh1 Rxg6 37. e5 Re6 38. Qe4 c6 39. Qxc6 Rh6 40. Qb7# 1-0

[Event "IECC P email"]
[Site "IECC email"]
[Date "2001.05.30"]
[Round "?"]
[White "Peters, Charles William"]
[Black "Henri, David"]
[Result "0-1"]
[WhiteElo "845"]
[BlackElo "1204"]
[PlyCount "54"]
[EventDate "2001.??.??"]
[EventType "tourn (corr)"]
[EventRounds "6"]
[SourceTitle "Corr 2008"]
[Source "ChessBase"]
[SourceDate "2008.06.24"]
[SourceVersion "1"]
[SourceVersionDate "2008.06.24"]
[SourceQuality "1"]

1. e4 c5 2. Nf3 d6 3. d4 cxd4 4. Nxd4 Nf6 5. Nc3 g6 6. f4 Bg7 7. e5 dxe5 8. Bb5+ Bd7 9. fxe5 Bxb5 10. Ncxb5 a6 11. exf6 Bxf6 12. c3 axb5 13. Be3 b4 14. a3 bxc3 15. bxc3 0-0 16. Qf3 Nc6 17. 0-0-0 Qa5 18. Kc2 Rfc8 19. Bf2 Bxd4 20. cxd4 Nxd4+ 21. Kd3 Qc3+ 22. Ke4 Nxf3 23. gxf3 Rc4+ 24. Rd4 Rxa3 25. Rhd1 Qxf3+ 26. Ke5 Ra5+ 27. Rd5 Qe4# 0-1

[Event "IECC CL8-2001.02"]
[Site "IECC email"]
[Date "2001.02.27"]
[Round "?"]
[White "O'Brien, Kenneth"]
[Black "Peters, Charles William"]
[Result "1-0"]
[WhiteElo "987"]
[BlackElo "809"]
[PlyCount "53"]
[EventDate "2001.??.??"]
[EventType "tourn (corr)"]
[EventRounds "4"]
[SourceTitle "Corr 2008"]
[Source "ChessBase"]
[SourceDate "2008.06.24"]
[SourceVersion "1"]
[SourceVersionDate "2008.06.24"]
[SourceQuality "1"]

1. f4 e5 2. fxe5 d6 3. Nf3 dxe5 4. e4 Be7 5. b3 Bh4+ 6. g3 Bg5 7. Nxg5 Qxg5 8. d4 Qg6 9. Qd3 Nf6 10. Qb5+ Bd7 11. Qxb7 Qxe4+ 12. Qxe4 Nxe4 13. Ba3 exd4 14. Bg2 Bf5 15. 0-0 Nc3 16. Bxa8 Ne2+ 17. Kf2 Bg4 18. Re1 Nd7 19. Bf3 Ne5 20. Bxe2 h5 21. Bb5+ Kd8 22. Rxe5 Bd1 23. Nd2 Bxc2 24. Nc4 h4 25. Rae1 hxg3+ 26. Kxg3 f6 27. Re8+ 1-0

[Event "IECC KO email"]
[Site "IECC email"]
[Date "2001.02.05"]
[Round "?"]
[White "Magalhaes, Joao Flavio"]
[Black "Peters, Charles William"]
[Result "1-0"]
[WhiteElo "1478"]
[BlackElo "805"]
[PlyCount "33"]
[EventDate "2001.??.??"]
[EventType "tourn (corr)"]
[EventRounds "6"]
[SourceTitle "Corr 2008"]
[Source "ChessBase"]
[SourceDate "2008.06.24"]
[SourceVersion "1"]
[SourceVersionDate "2008.06.24"]
[SourceQuality "1"]

1. e4 e6 2. d4 d5 3. Nc3 Nf6 4. e5 Nfd7 5. Nf3 c5 6. Bf4 Nc6 7. Bb5 Qe7 8. Bg5 Qd6 9. exd6 Bxd6 10. 0-0 cxd4 11. Nxd4 h5 12. Nxc6 bxc6 13. Bxc6 Rb8 14. Nxd5 exd5 15. Qxd5 Rxb2 16. Qxd6 h4 17. Qe7# 1-0

[Event "IECC KO email"]
[Site "IECC email"]
[Date "2001.02.05"]
[Round "?"]
[White "Peters, Charles William"]
[Black "Magalhaes, Joao Flavio"]
[Result "0-1"]
[WhiteElo "810"]
[BlackElo "1457"]
[PlyCount "45"]
[EventDate "2001.??.??"]
[EventType "tourn (corr)"]
[EventRounds "6"]
[SourceTitle "Corr 2008"]
[Source "ChessBase"]
[SourceDate "2008.06.24"]
[SourceVersion "1"]
[SourceVersionDate "2008.06.24"]
[SourceQuality "1"]

1. e4 e5 2. Nc3 Nf6 3. Bc4 Nc6 4. d3 Bb4 5. Nf3 d5 6. exd5 Nxd5 7. Bg5 Nxc3 8. Qd2 Ne4 9. c3 Nxd2 10. Bxd8 Nxf3+ 11. gxf3 Kxd8 12. cxb4 Nxb4 13. 0-0 Bh3 14. Rfe1 Nc2 15. Bxf7 Nxa1 16. Rxa1 Ke7 17. Bd5 c6 18. Be4 g5 19. a4 a5 20. Rd1 Kf6 21. d4 exd4 22. Rxd4 Rad8 23. Rxd8 0-1

[Event "IECC P email"]
[Site "IECC email"]
[Date "2001.01.26"]
[Round "?"]
[White "Peters, Charles William"]
[Black "Cressman, Richard"]
[Result "0-1"]
[WhiteElo "814"]
[BlackElo "1602"]
[PlyCount "52"]
[EventDate "2001.??.??"]
[EventType "tourn (corr)"]
[EventRounds "6"]
[SourceTitle "Corr 2008"]
[Source "ChessBase"]
[SourceDate "2008.06.24"]
[SourceVersion "1"]
[SourceVersionDate "2008.06.24"]
[SourceQuality "1"]

1. e4 c5 2. Nf3 e6 3. d4 d5 4. Bg5 Qa5+ 5. Qd2 Qxd2+ 6. Nbxd2 c4 7. Ne5 f6 8. Bh4 fxe5 9. dxe5 Ne7 10. 0-0-0 Nbc6 11. exd5 exd5 12. f4 Ng6 13. Bg3 Bc5 14. Be2 Be3 15. Bh5 Bf5 16. Rhe1 d4 17. Kb1 Bxd2 18. Rxd2 0-0 19. Bf3 c3 20. Be4 cxd2 21. Bd5+ Kh8 22. Rd1 Nb4 23. Bb3 Rac8 24. Rxd2 Nxc2 25. Bf2 Na3+ 26. Ka1 Rc1# 0-1

[Event "IECC CL7-2000.15"]
[Site "IECC email"]
[Date "2000.02.13"]
[Round "?"]
[White "Dixon, Bob"]
[Black "Peters, Charles William"]
[Result "1-0"]
[WhiteElo "970"]
[BlackElo "830"]
[PlyCount "67"]
[EventDate "2000.??.??"]
[EventType "tourn (corr)"]
[EventRounds "4"]
[SourceTitle "Corr 2008"]
[Source "ChessBase"]
[SourceDate "2008.06.24"]
[SourceVersion "1"]
[SourceVersionDate "2008.06.24"]
[SourceQuality "1"]

1. e4 c5 2. Nf3 Nc6 3. d4 cxd4 4. Nxd4 Nf6 5. Nc3 e5 6. Nf5 Bc5 7. Nxg7+ Kf8 8. Bh6 Nd4 9. Ne6+ Ke7 10. Nxd8 Rxd8 11. Bc4 Rg8 12. 0-0 b5 13. Bd5 Rb8 14. Qd3 a6 15. Ne2 Nxe2+ 16. Qxe2 d6 17. Be3 Bg4 18. f3 Bh3 19. Rf2 Nxd5 20. exd5 f5 21. Bxc5 dxc5 22. Qxe5+ Kd7 23. Qxb8 Rxb8 24. gxh3 Rg8+ 25. Rg2 Rb8 26. Rd1 c4 27. Rg7+ Kd6 28. Rxh7 c3 29. bxc3 Rc8 30. Rh6+ Ke5 31. d6 Rxc3 32. d7 Rxc2 33. d8Q Rxa2 34. Qd6# 1-0

[Event "IECC CL7-2000.15"]
[Site "IECC email"]
[Date "2000.02.13"]
[Round "?"]
[White "Peters, Charles William"]
[Black "Karlsson, Roger"]
[Result "0-1"]
[WhiteElo "843"]
[BlackElo "921"]
[PlyCount "90"]
[EventDate "2000.??.??"]
[EventType "tourn (corr)"]
[EventRounds "4"]
[SourceTitle "Corr 2008"]
[Source "ChessBase"]
[SourceDate "2008.06.24"]
[SourceVersion "1"]
[SourceVersionDate "2008.06.24"]
[SourceQuality "1"]

1. e4 c5 2. d4 cxd4 3. Nf3 Nc6 4. Nxd4 e5 5. Nb5 Nf6 6. Bd3 Bc5 7. 0-0 0-0 8. c4 a6 9. N5c3 Nb4 10. Bg5 Nxd3 11. Qxd3 h6 12. Bh4 g5 13. Bxg5 hxg5 14. Qg3 Nh5 15. Qxe5 d6 16. Qd5 Be6 17. Qxb7 Bxc4 18. Rd1 Rb8 19. Qd7 Qxd7 20. b3 Bb5 21. Rd5 f6 22. a4 Bxf2+ 23. Kxf2 Qa7+ 24. Ke1 Qe3+ 25. Kd1 Be2+ 26. Nxe2 Qxb3+ 27. Kc1 Qxd5 28. exd5 Nf4 29. Nbc3 Nxe2+ 30. Nxe2 Rfe8 31. Ra2 Rbc8+ 32. Kd2 Rc4 33. Ra1 Rce4 34. Re1 R4e5 35. Kc3 Rxe2 36. Rf1 Rxg2 37. Rxf6 Rc8+ 38. Kb4 a5+ 39. Kxa5 Rb2 40. Rxd6 Ra8+ 41. Ra6 Rxa6+ 42. Kxa6 Kf8 43. d6 Ke8 44. a5 Kd7 45. h4 gxh4 0-1

[Event "IECC CL7-2000.09"]
[Site "IECC email"]
[Date "2000.01.05"]
[Round "?"]
[White "Dimapilis, Lewie"]
[Black "Peters, Charles William"]
[Result "1-0"]
[WhiteElo "1097"]
[BlackElo "861"]
[PlyCount "43"]
[EventDate "2000.??.??"]
[EventType "tourn (corr)"]
[EventRounds "4"]
[SourceTitle "Corr 2008"]
[Source "ChessBase"]
[SourceDate "2008.06.24"]
[SourceVersion "1"]
[SourceVersionDate "2008.06.24"]
[SourceQuality "1"]

1. e4 c5 2. f4 Nc6 3. Nf3 d6 4. c4 Nf6 5. d3 Bg4 6. Be3 e5 7. f5 Nd4 8. Nc3 Qb6 9. Rb1 h5 10. Qa4+ Qc6 11. Nb5 0-0-0 12. Nxa7+ Kb8 13. Nxc6+ Nxc6 14. Ng5 Rd7 15. b4 cxb4 16. Rxb4 Nxb4 17. Qa7+ Kc7 18. Bb6+ Kc6 19. Qa5 Nc2+ 20. Kd2 Nd4 21. Ba7 g6 22. Qb6# 1-0

[Event "IECC P email"]
[Site "IECC email"]
[Date "1999.09.23"]
[Round "?"]
[White "Peters, Charles William"]
[Black "Jones, Matt"]
[Result "0-1"]
[WhiteElo "928"]
[BlackElo "957"]
[PlyCount "52"]
[EventDate "1999.??.??"]
[EventType "tourn (corr)"]
[EventRounds "6"]
[SourceTitle "Corr 2008"]
[Source "ChessBase"]
[SourceDate "2008.06.24"]
[SourceVersion "1"]
[SourceVersionDate "2008.06.24"]
[SourceQuality "1"]

1. e4 e5 2. Nf3 Nc6 3. Bb5 Nf6 4. 0-0 Nxe4 5. d4 Nf6 6. Bxc6 dxc6 7. dxe5 Nd5 8. Bg5 Be7 9. Nh4 Bxg5 10. g3 0-0 11. f4 Ne3 12. Qxd8 Rxd8 13. Rf3 Nxc2 14. fxg5 Nxa1 15. Nf5 Be6 16. h4 Rd1+ 17. Kh2 Rxb1 18. h5 Rxb2+ 19. Kh3 g6 20. Kh4 Rh2+ 21. Kg4 gxf5+ 22. Rxf5 Bxf5+ 23. Kxf5 Rf2+ 24. Kg4 Re8 25. g6 Rxe5 26. gxh7+ Kxh7 0-1

[Event "IECC Swiss email"]
[Site "IECC email"]
[Date "1999.08.16"]
[Round "?"]
[White "Peters, Charles William"]
[Black "Perez, Maria Jose"]
[Result "0-1"]
[WhiteElo "903"]
[BlackElo "1755"]
[PlyCount "64"]
[EventDate "1999.??.??"]
[EventType "tourn (corr)"]
[EventRounds "6"]
[SourceTitle "Corr 2008"]
[Source "ChessBase"]
[SourceDate "2008.06.24"]
[SourceVersion "1"]
[SourceVersionDate "2008.06.24"]
[SourceQuality "1"]

1. e4 e5 2. Nf3 Nc6 3. d4 exd4 4. Nxd4 Nf6 5. f3 d5 6. exd5 Nxd4 7. Qxd4 Qxd5 8. c3 Qxd4 9. cxd4 Bf5 10. Be3 Nd5 11. Ke2 Nxe3 12. Kxe3 0-0-0 13. Bd3 Bxd3 14. Kxd3 Bc5 15. a4 Rxd4+ 16. Ke3 Re8+ 17. Kf2 Rd1+ 18. Kg3 Rxh1 19. h4 Ree1 20. a5 Rxb1 21. Ra2 Ra1 22. Rxa1 Rxa1 23. Kh3 Rxa5 24. g4 Rb5 25. f4 Rb3+ 26. Kh2 Rxb2+ 27. Kh3 Rb3+ 28. Kg2 a5 29. g5 a4 30. h5 a3 31. g6 hxg6 32. hxg6 fxg6 0-1

[Event "IECC M email"]
[Site "IECC email"]
[Date "1999.06.14"]
[Round "?"]
[White "Simner, David"]
[Black "Peters, Charles William"]
[Result "1-0"]
[WhiteElo "1101"]
[BlackElo "952"]
[PlyCount "57"]
[EventDate "1999.??.??"]
[EventType "tourn (corr)"]
[EventRounds "6"]
[SourceTitle "Corr 2008"]
[Source "ChessBase"]
[SourceDate "2008.06.24"]
[SourceVersion "1"]
[SourceVersionDate "2008.06.24"]
[SourceQuality "1"]

1. e4 e6 2. d4 c6 3. Nc3 Bb4 4. Bd2 d5 5. a3 Bxc3 6. Bxc3 dxe4 7. Qg4 Nf6 8. Qxg7 Rg8 9. Qh6 Rg6 10. Qd2 Nd5 11. 0-0-0 e5 12. dxe5 b5 13. h4 Nd7 14. Ba5 N5b6 15. Qe2 Re6 16. Qxe4 f6 17. Qxh7 Qe7 18. Qg8+ Nf8 19. Bb4 Qf7 20. Rd8+ Kxd8 21. Qxf7 Nbd7 22. Ba5+ Nb6 23. Qxf8+ Kd7 24. Qg7+ Kd8 25. exf6 Bd7 26. f7 Re1+ 27. Bxe1 Na4 28. f8Q+ Kc7 29. Qxa8 1-0